000 00395nam a2200145 4500
001 109405
003 ES-MaACL
007 t|
008 061121s1962 sp r ||||1| spa d
100 1 _aOlmedo González, Alberto.
_986962
245 1 0 _aPoemas varios /
_cAlberto Olmedo González.
260 _aCádiz :
_b[s.n.],
_c1962.
300 _a32 p. ;
_c24 cm.
852 _aES-MaACL
_jL-5839
_bR.105968
999 _c109405
_d109405